| 000 | 02569cam a22003372u 4500 | ||
|---|---|---|---|
| 001 | 9918609824504201 | ||
| 003 | BJBSDDR | ||
| 005 | 20251201120832.0 | ||
| 006 | m | d | ||
| 008 | 241112s2019 sp 000 0 spa d | ||
| 020 | _z9788430622115 | ||
| 035 | _a(OCoLC)1479231075 | ||
| 040 |
_aES-MaCSI _bspa _cBJBSDDR |
||
| 041 | 1 |
_aspa _heng |
|
| 050 | _bM478v 2019 | ||
| 080 | _a330.52 | ||
| 080 | _a330.13 | ||
| 100 | 1 |
_aMazzucato, Mariana, _d1968- _eautor _4aut _935060 |
|
| 240 | 1 | 4 |
_aThe value of everything _lEspañol |
| 245 | 1 | 3 |
_aEl valor de las cosas : _bQuién produce y quién gana en la economía global / _cMariana Mazzucato, Ramón. González Férriz. |
| 260 |
_bTAURUS, _c2019. _aBarcelona: |
||
| 300 |
_a479 páginas : _bilustración ; _c24 cm. |
||
| 490 | 0 | _a Taurus : Economía | |
| 520 | _a¿En qué mundo queremos vivir? Mariana Mazzucato, la economista del momento, prende la mecha de un debate necesario. «Mucho ojo con Mazzucato, la economista más temible del mundo.» Helen Rumbelow, The Times ¿Quién crea realmente la riqueza? ¿Qué actividades la impulsan? ¿Cuáles se limitan a extraerla? ¿Cuáles la destruyen? Nuestras economías tienden a premiar la extracción de valor antes que su creación -el proceso productivo que verdaderamente impulsa una economía y una sociedad saludables-, y la diferencia entre ambos conceptos se ha desdibujado de manera notable. A partir de ejemplos que van desde Silicon Valley hasta el sector financiero pasando por las grandes farmacéuticas, Mariana Mazzucato muestra de manera magistral cómo las nociones borrosas que tenemos del valor han permitido a ciertos actores de la economía retratarse a sí mismos como generadores de valor, mientras que en realidad se limitan a mover el existente o, lo que es peor, a destruirlo. Tendemos a perder de vista la auténtica naturaleza del valor y por qué es importante, cuestiones que en el pasado estuvieron en el centro del pensamiento económico y que, sencillamente, ya no se discuten. Si queremos reemplazar el actual sistema parasitario por otro sostenible que funcione para todos, es urgente y necesario repensar el origen de la riqueza y responder las preguntas clave de Mazzucato, que nos llevan al verdadero gran interrogante: ¿en qué mundo queremos vivir? | ||
| 650 | 7 |
_aRiqueza _2CSICAU |
|
| 650 | 7 |
_aValor (Economía) _2CSICAU |
|
| 653 | _aEconomía | ||
| 653 | _aEmprendimiento y emprendedores | ||
| 700 | 1 |
_aGonzález Férriz, Ramón, _d1977- _etraductor _4trl _946171 |
|
| 942 |
_2lcc _cBK _n0 |
||
| 999 |
_c126009 _d126009 |
||